UBT Library

America's ancient cities / (Record no. 39658)

000 -LEADER
fixed length control field 00804cam a2200241 a 4500
001 - CONTROL NUMBER
control field 2423591
005 - DATE AND TIME OF LATEST TRANSACTION
control field 20180104034752.0
008 - FIXED-LENGTH DATA ELEMENTS--GENERAL INFORMATION
fixed length control field 871211s1988 dcua b 001 0 eng
010 ## - LIBRARY OF CONGRESS CONTROL NUMBER
LC control number 87034851
020 ## - INTERNATIONAL STANDARD BOOK NUMBER
International Standard Book Number 0870446274 :
Terms of availability $7.95
020 ## - INTERNATIONAL STANDARD BOOK NUMBER
International Standard Book Number 0870446320 (lib. bdg.) :
Terms of availability $9.50
040 ## - CATALOGING SOURCE
Original cataloging agency DLC
Transcribing agency DLC
Modifying agency DLC
041 ## - LANGUAGE CODE
Language code of text/sound track or separate title eng
043 ## - GEOGRAPHIC AREA CODE
Geographic area code n------
-- n-mx---
-- nc-----
080 ## - UNIVERSAL DECIMAL CLASSIFICATION NUMBER
Universal Decimal Classification number 970.01
082 00 - DEWEY DECIMAL CLASSIFICATION NUMBER
Classification number 970.01 STU
Edition number 19
100 1# - Rafti
Rafti 16
101 ## - Shkurtesa
Shkurtesa HIS
245 10 - TITLE STATEMENT
Title America's ancient cities /
Statement of responsibility, etc by Gene S. Stuart ; photographed by Richard Alexander Cooke III ; paintings by H. Tom Hall ; prepared by the Special Publications Division, National Geographic Society, Washington, D.C.
504 ## - BIBLIOGRAPHY, ETC. NOTE
Bibliography, etc Bibliography: p. 199.
906 ## - LOCAL DATA ELEMENT F, LDF (RLIN)
a 7
b cbc
c orignew
d 1
e ocip
f 19
g y-gencatlg
942 ## - ADDED ENTRY ELEMENTS (KOHA)
Source of classification or shelving scheme
Item type Books
Holdings
Withdrawn status Lost status Source of classification or shelving scheme Damaged status Not for loan Collection code Permanent location Current location Shelving location Date acquired Total Checkouts Full call number Barcode Date last seen Price effective from Koha item type
          Koleksioni i përgjithshem UBT - Lipjan UBT - Lipjan Koleksioni i përgjithshem 01/04/2018   970.01 STU 002-2994354 01/04/2018 01/04/2018 Books
UBT Library © 2015-2024. All rights reserved University Education for Business and Technology